| 000 | 00518nam a22001697a 4500 | ||
|---|---|---|---|
| 999 |
_c8488 _d8488 |
||
| 008 | 201125b ||||| |||| 00| 0 eng d | ||
| 040 | _aBMS College of Architecture | ||
| 100 | _aGonsalves, Suzann | ||
| 245 | _aUrth- today's care, Tomorrow's cure | ||
| 300 | _a56p. | ||
| 500 | _a1BM14AT104 | ||
| 502 |
_8B,Arch _NBMS College of Architecture, Visvesvaraya Technological University (VTU) _aProject report _d2018 |
||
| 650 | _aNA | ||
| 700 |
_aShanu Raina _eGuide |
||
| 700 |
_aSanal Suresh _eGuide |
||
| 942 |
_2ddc _cTHE |
||